Communications the next revolution

Guardat en:
Dades bibliogràfiques
Format: Llibre
Idioma:Undetermined
Publicat: London The Economics Newspaper Ltd. 1969
Matèries:
Etiquetes: Afegir etiqueta
Sense etiquetes, Sigues el primer a etiquetar aquest registre!
Thư viện lưu trữ: Trung tâm Học liệu Trường Đại học Cần Thơ
LEADER 00396nam a2200145Ia 4500
001 CTU_87759
008 210402s9999 xx 000 0 und d
082 |a 384 
082 |b C734 
245 0 |a Communications the next revolution 
260 |a London 
260 |b The Economics Newspaper Ltd. 
260 |c 1969 
650 |a Communications 
980 |a Trung tâm Học liệu Trường Đại học Cần Thơ